MARC

LEADER 00000nam0a2200000 4500
001 325316
005 20231102003742.0
035 |a (RuTPU)RU\TPU\book\350930 
090 |a 325316 
100 |a 20161202d1956 km y0rusy50 ca 
101 0 |a rus 
102 |a RU 
105 |a a z 001zd 
200 1 |a Художники нового времени  |f Л. Вентури  |g под ред. А. Владимирского 
210 |a Москва  |c Изд-во иностранной литературы  |d 1956 
215 |a 112 с.  |c ил. 
320 |a Библиогр.: с. 109-111 
600 1 |a Гойя  |b Ф. Х.  |c испанский живописец, гравёр  |f 1746-1828  |g Франсиско Хосе де  |2 stltpush  |3 (RuTPU)RU\TPU\pers\10493  |9 2234 
600 1 |a Коро  |b К.  |c французский живописец  |f 1796-1875  |g Камиль  |2 stltpush  |3 (RuTPU)RU\TPU\pers\11982  |9 3090 
606 1 |a Живопись  |x История  |2 stltpush  |3 (RuTPU)RU\TPU\subj\73356  |9 86388 
610 1 |a изобразительное искусство 
610 1 |a 19 век 
610 1 |a история 
610 1 |a художники 
610 1 |a жанры 
610 1 |a направления 
675 |a 75.03  |v 4 
700 1 |a Вентури  |b Л.  |g Лионелло 
702 1 |a Владимирский  |b А.  |4 340 
801 1 |a RU  |b 63413507  |c 20161202 
801 2 |a RU  |b 63413507  |c 20200730  |g RCR 
942 |c BK